Finančné krízy

Príspevok popisuje hlavné príčiny finančných kríz, ktorých riziko je v súčasnosti neustále prítomné a ich dopad môže výrazne poznačiť výkonnosť svetovej ekonomiky. Všetky finančné krízy majú určité spoločné črty. Príčinou poslednej krízy bolo viacero faktorov, predovšetkým kvantitatívne uvoľňovanie...

Ausführliche Beschreibung

Gespeichert in:
Bibliographische Detailangaben
1. Verfasser: Tkáč, Michal, ml., 1984-
Weitere Verfasser: Herbrik, Gabriel
Format: Buchkapitel
Sprache:Slowakisch
Schlagworte:
Tags: Tag hinzufügen
Keine Tags, Fügen Sie das erste Tag hinzu!

MARC

LEADER 00000nla a2200000 4500
001 0225201
005 20240502073706.1
041 0 |a slo 
044 |a SK 
245 1 0 |a Finančné krízy  |c Michal Tkáč ml., Gabriel Herbrik 
520 |a Príspevok popisuje hlavné príčiny finančných kríz, ktorých riziko je v súčasnosti neustále prítomné a ich dopad môže výrazne poznačiť výkonnosť svetovej ekonomiky. Všetky finančné krízy majú určité spoločné črty. Príčinou poslednej krízy bolo viacero faktorov, predovšetkým kvantitatívne uvoľňovanie a bublina na trhu hypoték, finančné inovácie, činnosť fondov a bánk a rovnako zlá činnosť ratingových agentúr. 
610 2 0 |a kríza 
610 2 0 |a kríza finančná 
610 2 0 |a svet 
610 2 0 |a deriváty 
610 2 0 |a trh hypotekárny 
610 2 0 |a banky 
610 2 0 |a agentúry 
610 2 0 |a rating 
610 2 0 |a sekuritizácia 
100 1 |a Tkáč, Michal, ml., 1984- 
700 1 |a Herbrik, Gabriel